Calculus: early transcendental functions. / (Record no. 1939)

MARC details
000 -LEADER
fixed length control field 01777cam a2200313 a 4500
001 - CONTROL NUMBER
control field 14144450
005 - DATE AND TIME OF LATEST TRANSACTION
control field 20210414114110.0
008 - FIXED-LENGTH DATA ELEMENTS--GENERAL INFORMATION
fixed length control field 051017s2007 maua 001 0 eng
010 ## - LIBRARY OF CONGRESS CONTROL NUMBER
LC control number 2005030239
020 ## - INTERNATIONAL STANDARD BOOK NUMBER
International Standard Book Number 9780072869538 (acidfree paper)
020 ## - INTERNATIONAL STANDARD BOOK NUMBER
International Standard Book Number 0072869534 (acidfree paper)
040 ## - CATALOGING SOURCE
Original cataloging agency DLC
Transcribing agency DLC
Modifying agency DLC
050 00 - LIBRARY OF CONGRESS CALL NUMBER
Classification number QA303.2.S653
082 00 - DEWEY DECIMAL CLASSIFICATION NUMBER
Classification number 515
Edition number 22
100 1# - MAIN ENTRY--PERSONAL NAME
Personal name Smith, Robert T.
Fuller form of name (Robert Thomas),
Dates associated with a name 1955-
245 10 - TITLE STATEMENT
Title Calculus: early transcendental functions. /
Statement of responsibility, etc. Robert T. Smith, Roland B. Minton.
250 ## - EDITION STATEMENT
Edition statement 3rd ed.
260 ## - PUBLICATION, DISTRIBUTION, ETC.
Place of publication, distribution, etc. Boston :
Name of publisher, distributor, etc. McGraw-Hill Higher Education,
Date of publication, distribution, etc. c2007.
300 ## - PHYSICAL DESCRIPTION
Extent 1 v. (various pagings) :
Other physical details ill. ;
Dimensions 27 cm.
500 ## - GENERAL NOTE
General note Includes indexes.
505 ## - FORMATTED CONTENTS NOTE
Formatted contents note Contents: Preliminaries -- Limits and continuity -- Differentiation -- Applications of differentiation -- Integation -- Applications of the definite integral -- Integration techniques -- First-order differential equations -- Infinite series -- Parametric equations and polar coordinates -- Vectors and the geometry of space -- Vector-valued functios -- Functions of several variables and partial differentiation -- Multiple integrals -- Vector calculus -- Second-order differential equations -- Appendix A: Proofs of selected theorems -- Appendix B: Answers to old-numbered exercises.
650 #0 - SUBJECT ADDED ENTRY--TOPICAL TERM
Topical term or geographic name entry element Calculus
Form subdivision Textbooks.
700 1# - ADDED ENTRY--PERSONAL NAME
Personal name Minton, Roland B.,
Dates associated with a name 1956-
856 41 - ELECTRONIC LOCATION AND ACCESS
Materials specified Table of contents only
Uniform Resource Identifier <a href="http://www.loc.gov/catdir/toc/ecip062/2005030239.html">http://www.loc.gov/catdir/toc/ecip062/2005030239.html</a>
856 42 - ELECTRONIC LOCATION AND ACCESS
Materials specified Publisher description
Uniform Resource Identifier <a href="http://www.loc.gov/catdir/enhancements/fy0702/2005030239-d.html">http://www.loc.gov/catdir/enhancements/fy0702/2005030239-d.html</a>
906 ## - LOCAL DATA ELEMENT F, LDF (RLIN)
a 7
b cbc
c orignew
d 1
e ecip
f 20
g y-gencatlg
942 ## - ADDED ENTRY ELEMENTS (KOHA)
Source of classification or shelving scheme Library of Congress Classification
Koha item type Books
Holdings
Withdrawn status Lost status Source of classification or shelving scheme Damaged status Not for loan Home library Current library Shelving location Date acquired Total Checkouts Full call number Barcode Date last seen Copy number Price effective from Koha item type
    Library of Congress Classification     WISCONSIN INTERNATIONAL UNIVERSITY COLLEGE, GHANA - MAIN LIBRARY WISCONSIN INTERNATIONAL UNIVERSITY COLLEGE, GHANA - MAIN LIBRARY General Stacks 07/08/2012   QA303.2.S653 4903/12 07/08/2012 1 07/08/2012 Books
    Library of Congress Classification     WISCONSIN INTERNATIONAL UNIVERSITY COLLEGE, GHANA - MAIN LIBRARY WISCONSIN INTERNATIONAL UNIVERSITY COLLEGE, GHANA - MAIN LIBRARY General Stacks 07/08/2012   QA303.2.S6531 4904/12 07/08/2012 2 07/08/2012 Books
    Library of Congress Classification     WISCONSIN INTERNATIONAL UNIVERSITY COLLEGE, GHANA - MAIN LIBRARY WISCONSIN INTERNATIONAL UNIVERSITY COLLEGE, GHANA - MAIN LIBRARY General Stacks 07/08/2012   QA303.2.S6532 4905/12 07/08/2012 3 07/08/2012 Books
    Library of Congress Classification     WISCONSIN INTERNATIONAL UNIVERSITY COLLEGE, GHANA - MAIN LIBRARY WISCONSIN INTERNATIONAL UNIVERSITY COLLEGE, GHANA - MAIN LIBRARY General Stacks 07/08/2012   QA303.2.S6533 4906/12 07/08/2012 4 07/08/2012 Books
    Library of Congress Classification     WISCONSIN INTERNATIONAL UNIVERSITY COLLEGE, GHANA - MAIN LIBRARY WISCONSIN INTERNATIONAL UNIVERSITY COLLEGE, GHANA - MAIN LIBRARY General Stacks 09/08/2012   QA303.2.S6534 4947/12 09/08/2012 5 14/04/2021 Books

If you have any concerns or questions; kindly contact the library


© Powered by WIUC ICT DIRECTORATE